000 00576nam a2200217 i 4500
001 bg
100 1 _aJankowski, Janusz
_c(mechanika).
245 1 0 _aStatyka techniczna /
_cJanusz Jankowski.
260 _aPoznań :
_bWydaw. Politechniki Poznańskiej,
_c2003.
300 _a101, [1] s. :
_bil. ;
_c24 cm.
504 _aBibliogr.
650 9 _aStatyka
655 _aPodręczniki akademickie
020 _a8371434383
040 _cBPK
041 0 _apol
080 _a531.2(075.8)
920 _a83-7143-438-3
942 _cKS
008 s pl f |000 0 pol
999 _c43630
_d43630
856 _uhttp://koha.tu.koszalin.pl/cgi-bin/koha/opac-detail.pl?biblionumber=43630
_yKatalog online BPK